[Event "Duesseldorf Nord Cup 9th GrM"]
[Site "Duesseldorf"]
[Date "2009.08.15"]
[Round "3"]
[White "Kittner, Lars"]
[Black "Maas, Felix"]
[Result "1-0"]
[WhiteElo "1170"]
[BlackElo "1201"]
[PlyCount "137"]
[EventDate "2009.08.14"]
[EventType "tourn"]
[EventRounds "5"]
[EventCountry "GER"]
[SourceTitle "EXT 2020"]
[Source "ChessBase"]
[SourceDate "2019.10.17"]
[SourceVersion "1"]
[SourceVersionDate "2019.10.17"]
[SourceQuality "1"]

1. g3 d5 2. Bg2 Nf6 3. d3 e5 4. Nc3 Bg4 5. Nf3 Bd6 6. Bg5 Nbd7 7. Nxd5 h6 8. Nxf6+ Nxf6 9. Bd2 0-0 10. h3 Bd7 11. e4 Qe7 12. g4 c5 13. g5 hxg5 14. Nxg5 Rac8 15. h4 c4 16. h5 cxd3 17. cxd3 Bb4 18. h6 g6 19. Bxb4 Qxb4+ 20. Qd2 Qd6 21. Ke2 Bb5 22. Ke3 Qd4+ 23. Kf3 Qxd3+ 24. Qxd3 Bxd3 25. Ke3 Bb5 26. Rac1 Rc6 27. Rxc6 Bxc6 28. f3 Nh5 29. Bh3 f5 30. exf5 gxf5 31. Bxf5 Ng3 32. Be6+ Kh8 33. Rg1 Nf5+ 34. Bxf5 Rxf5 35. Ne4 Kh7 36. Rh1 Bxe4 37. Kxe4 Rg5 38. Rh2 a6 39. a3 Rg3 40. Kxe5 Rxf3 41. Kd6 Rb3 42. Kc5 b6+ 43. Kc4 Rf3 44. Rd2 Rf6 45. Rd7+ Kxh6 46. Ra7 b5+ 47. Kb4 Kg5 48. Ka5 Rf2 49. Rxa6 Rxb2 50. Rb6 Rb3 51. Rxb5+ Rxb5+ 52. Kxb5 Kf6 53. Kc6 Ke6 54. a4 Ke7 55. a5 Kd8 56. Kb7 Kd7 57. a6 Kd8 58. a7 Kd7 59. a8Q Kd6 60. Qa5 Ke6 61. Qc5 Kd7 62. Qc6+ Ke7 63. Kb6 Kd8 64. Qc7+ Ke8 65. Kc6 Kf8 66. Kd6 Kg8 67. Ke6 Kh8 68. Kf6 Kg8 69. Qg7# 1-0